<?xml version="1.0" encoding="UTF-8"?>
<record
    xmlns:xsi="http://www.w3.org/2001/XMLSchema-instance"
    xsi:schemaLocation="http://www.loc.gov/MARC21/slim http://www.loc.gov/standards/marcxml/schema/MARC21slim.xsd"
    xmlns="http://www.loc.gov/MARC21/slim">

  <leader>02093nam a2200265 i 4500</leader>
  <controlfield tag="003">DO-SdBNP</controlfield>
  <controlfield tag="005">20240904135829.0</controlfield>
  <controlfield tag="007">ta</controlfield>
  <controlfield tag="008">240904s1997    xxu           000 j spa d</controlfield>
  <datafield tag="020" ind1=" " ind2=" ">
    <subfield code="a">0060275103</subfield>
  </datafield>
  <datafield tag="020" ind1=" " ind2=" ">
    <subfield code="a">0060275111 (lib. bdg)</subfield>
  </datafield>
  <datafield tag="040" ind1=" " ind2=" ">
    <subfield code="a">DO-SdBNP</subfield>
    <subfield code="b">spa</subfield>
    <subfield code="c">BNPHU</subfield>
    <subfield code="e">rda</subfield>
  </datafield>
  <datafield tag="082" ind1=" " ind2=" ">
    <subfield code="b">L665e</subfield>
    <subfield code="2">22</subfield>
  </datafield>
  <datafield tag="100" ind1="1" ind2=" ">
    <subfield code="a">Levine, Gail Carson</subfield>
    <subfield code="9">11765</subfield>
    <subfield code="d">1947-</subfield>
    <subfield code="e">autora</subfield>
  </datafield>
  <datafield tag="245" ind1="1" ind2="0">
    <subfield code="a">Ella enchanted /</subfield>
    <subfield code="c">Gail Carson Levine</subfield>
  </datafield>
  <datafield tag="264" ind1=" " ind2="1">
    <subfield code="a">New York, Estados Unidos :</subfield>
    <subfield code="b">Harper Trophy,</subfield>
    <subfield code="c">1997.</subfield>
  </datafield>
  <datafield tag="300" ind1=" " ind2=" ">
    <subfield code="a">238 p&#xE1;ginas,  </subfield>
    <subfield code="c">20 cm.</subfield>
  </datafield>
  <datafield tag="336" ind1=" " ind2=" ">
    <subfield code="2">rdacontent</subfield>
    <subfield code="a">texto</subfield>
    <subfield code="b">txt</subfield>
  </datafield>
  <datafield tag="337" ind1=" " ind2=" ">
    <subfield code="2">rdamedia</subfield>
    <subfield code="a">sin mediaci&#xF3;n </subfield>
    <subfield code="b">n</subfield>
  </datafield>
  <datafield tag="338" ind1=" " ind2=" ">
    <subfield code="2">rdacarrier</subfield>
    <subfield code="a">volumen</subfield>
    <subfield code="b">nc</subfield>
  </datafield>
  <datafield tag="520" ind1=" " ind2=" ">
    <subfield code="a">Cuando Ella era apenas un beb&#xE9;, el hada Lucinda le otorg&#xF3; el don de la obediencia. El "don" es, de hecho, una terrible maldici&#xF3;n que obliga a Ella a obedecer a cualquiera que le d&#xE9; una orden.

Cuando Ella ten&#xED;a unos catorce a&#xF1;os, su madre muere. Su cocinera, Mandy, se revela como su hada madrina. Mandy le da dos regalos: un collar de su madre y un libro m&#xE1;gico. En el funeral de su madre, Ella conoce al pr&#xED;ncipe del reino, Char, quien la consuela. En el velorio, le presentan a Dame Olga y a sus terribles hijas, Hattie y la analfabeta Olive, pero en ese momento, no siente que este encuentro tenga un significado especial.

Su padre, Peter, decide enviarla a terminar la escuela con las dos hermanas malas. Antes de irse, visita sus lugares favoritos, donde se encuentra nuevamente con Char y se unen. En la escuela, Hattie finalmente descubre que Ella hace todo lo que le dicen y usa esto para su propio beneficio. Ella toma el collar de la madre de Ella, luego la priva de comida y le ordena que termine su amistad con su mejor amiga Areida. Ella no puede soportar esto y se dispone a encontrar a Lucinda para poder revertir el hechizo. En su libro de magia, vio que su padre est&#xE1; a punto de asistir a la boda de un gigante y supone que Lucinda, a quien le gusta venir sin ser invitada a las bodas, podr&#xED;a estar all&#xED;.</subfield>
  </datafield>
  <datafield tag="590" ind1=" " ind2=" ">
    <subfield code="a">Inventariado, 2024/ YL</subfield>
  </datafield>
  <datafield tag="910" ind1=" " ind2=" ">
    <subfield code="a">YLockward</subfield>
  </datafield>
  <datafield tag="942" ind1=" " ind2=" ">
    <subfield code="2">ddc</subfield>
    <subfield code="c">LBS1</subfield>
  </datafield>
  <datafield tag="952" ind1=" " ind2=" ">
    <subfield code="0">0</subfield>
    <subfield code="1">0</subfield>
    <subfield code="2">ddc</subfield>
    <subfield code="5">6</subfield>
    <subfield code="7">0</subfield>
    <subfield code="8">GR</subfield>
    <subfield code="a">BNPHU</subfield>
    <subfield code="b">BNPHU</subfield>
    <subfield code="c">CT</subfield>
    <subfield code="d">2012-09-03</subfield>
    <subfield code="e">Donaci&#xF3;n </subfield>
    <subfield code="l">0</subfield>
    <subfield code="o">BNPHU GR L665e</subfield>
    <subfield code="p">2024-5229</subfield>
    <subfield code="r">2024-09-04</subfield>
    <subfield code="w">2024-09-04</subfield>
    <subfield code="y">LBS1</subfield>
  </datafield>
  <datafield tag="999" ind1=" " ind2=" ">
    <subfield code="c">57627</subfield>
    <subfield code="d">57627</subfield>
  </datafield>
</record>
